header

Culinary herbs for short-season gardeners (Record no. 24641)

MARC details
000 -LEADER
fixed length control field 01485nam a2200397Ia 4500
082 04 - DEWEY DECIMAL CLASSIFICATION NUMBER
Classification number 635/.7
100 1# - MAIN ENTRY--AUTHOR NAME
Personal name Small, Ernest,
245 10 - TITLE STATEMENT
Title Culinary herbs for short-season gardeners
260 ## - PUBLICATION, DISTRIBUTION, ETC. (IMPRINT)
Place of publication Ottawa :
Name of publisher NRC Research Press,
Year of publication c2001.
300 ## - PHYSICAL DESCRIPTION
Number of Pages x, 181 p. :
Other physical details ill. (some col.)
500 ## - GENERAL NOTE
General note Issued also in French under title: Herbes culinaires pour nos jardins de pays froid.
General note Issued by the National Research Council of Canada.
650 #0 - SUBJECT ADDED ENTRY--TOPICAL TERM
Topical Term Herb gardening.
Topical Term Herb gardening
Topical Term Herbs.
Topical Term Herb gardens.
700 1# - ADDED ENTRY--PERSONAL NAME
Personal name Deutsch, Grace.
856 40 - ELECTRONIC LOCATION AND ACCESS
Uniform Resource Identifier http://site.ebrary.com/lib/rucke/Doc?id=10022627

No items available.

© 2026 Rongo University
Contact us: librarian | system librarian | Rongo university